000 00663nam a22002297a 4500
003 UA-OsUOA
001 98237
007 ta
008 20130411b un ||||| |||| 00| 0 ukr d
100 _aПуйманова М.
090 _a821.161.2
_bП88
942 _cBK
040 _aUA-OsUOA
_brus
_cUA-OsUOA
_dUA-OsUOA
245 _aСочинения в пяти томах
_bТ.2
_cИгра с огнём
300 _a396 с.
955 _a3
041 _arus
080 _a821.161.2
260 _aМ.
_bХудожественная литература
_c1960
650 7 _a82 Література. Літературознавство
_2UDC
999 _c384666
_d384666